| 000 | 02330nam a22003137a 4500 | ||
|---|---|---|---|
| 001 | 1631 | ||
| 003 | FISKH | ||
| 005 | 20230912094903.0 | ||
| 008 | 230912b cb ||||| |||| 00| 0 khr d | ||
| 020 | _a9789924340850 | ||
| 040 |
_aFISKH _beng _cFISKH _dFISKH |
||
| 082 | _a823.087 | ||
| 100 | _aKipling, Rudyard | ||
| 245 |
_aដំណើរផ្សងព្រេងរបស់ ម៉ៅឃ្លី / _cបកប្រែពីភាសាអង់គ្លេសដោយ ប៊ុត សុផល និង អ៊ូច សូដានី - រូបភាពដោយ សេង វិសុទ្ធ |
||
| 260 |
_aPhnom Penh : _bSipar, _c2019. |
||
| 300 |
_a122 pages : _billustrations ; _c19 cm |
||
| 490 | _aអក្សរសិល្ប៍យុវវ័យ | ||
| 505 | _aZ' | ||
| 520 | _aកូនក្មេងម្នាក់ត្រូវបានគ្រួសារចចករើសយកទៅចញ្ចឹម ហើយទទួលបានការអប់រំពិចចក និងសត្វផ្សេងៗទៀតនៅក្នុងព្រៃដោយប្រើប្រាស់ច្បាប់ព្រៃជាគោល។ ច្បាប់ព្រៃត្រូវបានបង្កើតឡើងដោយសត្វដែលចាត់ទុកមនុស្សជាប្រភេទទន់ខ្សោយបំផុត និងគ្មានអ្វីការពារខ្លួនទេ។ ថ្ងៃមួយសត្វព្រៃបានយកម៉ៅឃ្លីទៅសងអ្នកភូមិវិញ។ | ||
| 520 | _aA young child is adopted by a wolf family and educated by wolves and other animals in the wild, using wildlife rules as a basis. Wild laws are made by animals that consider humans to be the most vulnerable species and have nothing to defend themselves. One day, the wild animals took Mao Kly back to the villagers. | ||
| 521 | 8 |
_a920
_bLexile estimate |
|
| 521 | 8 |
_aZ'
_bRaz-Plus |
|
| 650 |
_aសត្វព្រៃ _vចញ្ចឹម _xទន់ខ្សោយ _yសង |
||
| 650 |
_aWild animal _vAdopt _xVulnerable _yReturn |
||
| 700 |
_aSophal, Bot _eTranslator |
||
| 700 |
_aSodany, Ouch _eTranslator |
||
| 700 |
_aVisoth, Seng _eillustrator |
||
| 942 |
_2ddc _cKHB _n0 |
||
| 999 |
_c1631 _d1631 |
||